000
00345 a2200169 4500
001
57111
020
_a
9788508124084
040
_c
Anchieta - Pituba
100
_a
Alencar, José de
240
1
0
_a
O guarani
_l
por
245
1
0
_a
O guarani
300
_a
95
362
0
_a
2009
440
1
_a
Ática
650
4
_a
Literatura juvenil
942
_c
BK
999
_c
57111
_d
57111